Largest Cities in Nouvelle-Aquitaine - Statistics

General Stats
  • This quiz has been taken 118 times
  • The average score is 8 of 15
Answer Stats
Population City % Correct
260,958 Bordeaux
100%
75,627 Pau
85%
130,876 Limoges
81%
77,205 La Rochelle
73%
51,894 Bayonne
71%
89,212 Poitiers
71%
72,197 Merignac
54%
41,603 Angouleme
51%
65,245 Pessac
46%
32,602 Agen
39%
59,193 Niort
34%
39,719 Anglet
20%
43,820 Talence
20%
46,330 Brive-la-Gaillarde
15%
36,754 Villenave-d'Ornon
8%
No matching quizzes found
Score Distribution
Percent of People with Each Score
Percentile by Number Answered
Your Score History
You have not taken this quiz